000 00379nam a2200145Ia 4500
008 151213s9999 xx 000 0 und d
100 _aMd. Mahbubur Rahman
245 _aThe Companies Act - 1994
_cMd. Mahbubur Rahman
260 _aDhaka
_bShams Publication
_c2005
300 _a3285 p.
650 _aLaw
650 _aLaw
700 _aMd. Mahbubur Rahman
999 _c2245
_d2245